Fire Emblem Characters with the Lowest Luck Growths - Statistics

General Stats
  • This quiz has been taken 36 times
  • The average score is 6 of 32
Answer Stats
Game Growth Rate Answer % Correct
Fates 10% Arthur
65%
Echoes 5% Mycen
50%
Echoes 10% Nomah
50%
New Mystery of the Emblem 10% Arran
27%
Shadow Dragon 10% Bantu
27%
New Mystery of the Emblem 10% Bantu
27%
Path of Radiance 15% Haar
27%
Binding Blade 5% Niime
27%
Three Houses 15% Gilbert
23%
Thracia 776 5% Lifis
23%
Three Houses 15% Lysithea
23%
Binding Blade 15% Zelot
23%
Echoes 15% Deen
19%
Binding Blade 15% Garret
19%
Binding Blade 15% Saul
19%
Shadow Dragon 10% Dolph
15%
Three Houses 15% Flayn
15%
Binding Blade 15% Raigh
15%
Blazing Blade 15% Renault
15%
Thracia 776 5% Safy
15%
Path of Radiance 15% Tauroneo
15%
Thracia 776 15% Brighton
12%
Thracia 776 15% Ralph
12%
Echoes 15% Randal
12%
Thracia 776 10% Salem
12%
Shadow Dragon 10% Midia
8%
Shadow Dragon 10% Palla
8%
Radiant Dawn 10% Renning
8%
Radiant Dawn 15% Stefan
8%
Binding Blade 15% Astol
4%
Shadow Dragon 15% Horace
4%
Three Houses 15% Constance
0%
No matching quizzes found
Score Distribution
Percent of People with Each Score
Percentile by Number Answered
Your Score History
You have not taken this quiz